Torschützenkönige in der Geschichte von Manchester City - Statistiken

Allgemein
  • Dieses Quiz wurde 49 mal gespielt
  • Das Durchschnittsergebnis liegt bei 5 aus 10
Antwortstatistiken
Tore Nationalität Spieler % Korrekt
260 Argentinien Sergio Agüero
100%
81 Norwegen Erling Haaland
98%
98 Belgien Kevin De Bruyne
88%
131 England Raheem Sterling
79%
79 Elfenbeinküste Yaya Touré
77%
95 Brasilien Gabriel Jesus
63%
99 Bermuda Shaun Goater
2%
83 England Colin Bell
0%
87 England Dennis Tueart
0%
86 England Francis Lee
0%
Keine übereinstimmenden Quizze gefunden
Verteilung der Resultate
Anzahl Personen mit jedem Resultat
Perzentil nach korrekt beantworteten Fragen
Ihre Resultats-Entwicklung
Sie haben dieses Quiz noch nicht gespielt